000 00453nam a2200181Ia 4500
008 151202s9999||||xx |||||||||||||| ||und||
082 _bPNVM-28078
100 _aपै शिरीष.
245 _aहृदयरंग.
260 _b---
260 _c0
300 _a0
600 _aपै शिरीष.
630 _aहृदयरंग.
700 _aपै शिरीष.
730 _aहृदयरंग.
942 _cBOOK
999 _c1294046
_d1294043